Súčasný stav a perspektívy vývoja nefrológie na Slovensku

Bibliographic Details
Main Author: Dzúrik, Rastislav, 1929-2014 (Author)
Format: Article
Language:Slovak
Subjects:

MARC

LEADER 00000nab a2200000 a 4500
001 vtls000612196
003 SK-MaSNL
005 20260303014420.0
008 140302c1997 xo 0 slo
015 |a SNBRB19rr/mm-uuuuu 
035 |a CL0612335 
040 |a SNKBUCL  |b slo  |c SNKBUCL  |e AACR2 
041 0 |a slo 
044 |a xo  |c SK 
080 |a 616.61(437.6)  |2 1981 
100 1 |a Dzúrik, Rastislav,  |d 1929-2014  |4 aut  |9 13378 
245 1 0 |a Súčasný stav a perspektívy vývoja nefrológie na Slovensku  |c Rastislav Dzúrik 
650 0 7 |a nefrológia  |2 snkbucl  |9 19057 
655 7 |a články z novín a časopisov  |2 snkbucl  |9 267496 
773 0 |t Zdravotnícke noviny  |g Roč. 2, č. 5 (1997) 
773 0 |t [Príl.] Lekárske listy  |g Č. 5 (1997), s. 1 a 10 
850 |a Slovenská národná knižnica v Martine  |a MTA001 
852 |a SNK  |b KIS3GCP 
958 |a SK 
958 |a ME 
958 |a RK 
992 |a RBX 
999 |c 1607536  |d 1609466